000 00672nam a2200241Ia 4500
003 OSt
005 20220918205521.0
006 a|||||r|||| 00| 0
007 ta
008 220917b |||||||| |||| 00| 0 eng d
024 _a116,907
037 _cTextual
040 _aARTS
_cARTS
_beng
041 _2eng
_aeng
082 _aV63:242:N5, K3
100 _aBenson Mary
_9115382
245 0 _aAfrican patriots
_b the story of the African national congress of south Africa
260 _aLondon
_bFaber and Faber UK
_c1963
300 _a310p
_ccm.
650 _aHISTORY
942 _hV63:242:N5, K3
_cTEXL
_2CC
999 _c240226
_d240226